000 01437nam a2200337 c 4500
003 BLK
005 20250203140905.0
008 180412b bul|||||r ||||||| ||bul||
010 _aKNG00004699000
020 _a954-404-059-5
_bиздат.: Ведрина
040 _aBLK
041 _aBUL
_cBUL
080 _a?Литература на ЮАР
_b896(680)
_x-31
_z896(680)-31
100 1 _aСмит, Уилбър Едисън
_eпърви автор
_9242238
700 1 _aБалканска, Ива
_eпрев. от англ.
_9247539
700 1 _aТодорова, Мариела
_eпрев. от англ.
_9247540
139 _aСмит, Уилбър Едисън
_bС 47
245 1 0 _aГръмотевицата
_bРоман
_cУилбър Едисън Смит; прев. от англ. Ива Балканска; прев. от англ. Мариела Тодорова.
257 _aRSA
260 София
_bВедрина
_c1994
300 _a384 с.
_c20 см
380 _aX
500 _aПрев. е направен от The Sound of Thunder / Wibur Smith. - Кн. е продълж. на Когато лъвът се храни. - 7 000 тир.
653 _aромани
852 _aЦб 181987
856 4 _qpdf
_u
856 4 _qpdf
_u
942 _cKNG
_n0
_010
944 _aCR
_c15.01.2003
_lЦветомила Тодорова
_k30576
944 _aED
_c23.06.2017
_lф /
_kЛюдмила_Стоянова
999 _c3597
_d3597